| 000 | 00804nam a2200241 i 4500 | ||
|---|---|---|---|
| 001 | 17504 | ||
| 003 | ES-MaACL | ||
| 005 | 20250725232722.0 | ||
| 007 | t| | ||
| 008 | 010322m19821984sp ||||1| spa d | ||
| 020 | _a84-7039-427-4 | ||
| 080 | _a821.134.2-1"15/16"(082.2) | ||
| 245 | 0 | 0 |
_aPoesía de la Edad de Oro / _cedición, introducción y notas de José Manuel Blecua. |
| 260 |
_aMadrid : _bCastalia, _c1982-1984. |
||
| 300 |
_a2 v. : _bil. ; _c18 cm. |
||
| 490 | 1 |
_aClásicos Castalia ; _v123, 136 |
|
| 505 | 8 | _aContiene: 1. Renacimiento -- 2. Barroco | |
| 650 | 4 |
_aPoesías españolas- _yS.XVI-XVII _916219 |
|
| 700 | 0 |
_aBlecua, José Manuel. _929459 |
|
| 830 | 0 |
_aClásicos Castalia ; _v123, 136 _9178595 |
|
| 852 |
_aES-MaACL _jG-1712-13 _bR.105215 |
||
| 999 |
_c17504 _d17504 |
||